The Cyclopedia of India (Record no. 553095)

000 -LEADER
fixed length control field 00381nam a22001337a 4500
082 ## - DEWEY DECIMAL CLASSIFICATION NUMBER
Classification number 954
Author Mark BAL
100 ## - MAIN ENTRY--PERSONAL NAME
Personal name Balfour, Edward
9 (RLIN) 50366
245 ## - TITLE STATEMENT
Title The Cyclopedia of India
Remainder of title and of eastern and southern Asia
Statement of responsibility, etc. Balfour, Edward
260 ## - PUBLICATION, DISTRIBUTION, ETC.
Place of publication, distribution, etc. London
Name of publisher, distributor, etc. Bernard quaritch
Date of publication, distribution, etc. 1885
300 ## - PHYSICAL DESCRIPTION
Extent 1120.p:
526 ## - STUDY PROGRAM INFORMATION NOTE
Program name 0
Interest level 0
Reading level 0
Title point value 954_000000000000000_BAL
650 ## - SUBJECT ADDED ENTRY--TOPICAL TERM
Topical term or geographic name entry element MCE
9 (RLIN) 379
942 ## - ADDED ENTRY ELEMENTS (KOHA)
Source of classification or shelving scheme
Koha item type Book
Holdings
Withdrawn status Lost status Source of classification or shelving scheme Damaged status Not for loan Permanent Location Current Location Shelving location Date acquired Total Checkouts Full call number Barcode Date last seen Price effective from Koha item type
          Military College of Engineering (MCE) Military College of Engineering (MCE)   01/29/2015   954 BAL MCE-ECC/80 01/29/2015 01/29/2015 Book
© 2023 Central Library, National University of Sciences and Technology. All Rights Reserved.